000 00468nam a2200217Ia 4500
003 IT-RoPAU
008 120407s9999 xx 000 0 und d
040 _aIT-RoPAU
040 _cIT-RoPAU
041 _afra
100 _aMaurice Vernet
245 _aL’homme maitre de sa destinée. Ethique et biologie.
250 _aParis
260 _aGrasset
260 _c1956
300 _a316 p.
300 _c21 cm
490 _v1
942 _cBK
999 _c32367
_d32367